Vyhodnotenie stability fluidného lôžka v závislosti na fyzikálnochemických zmenách v reakčnom systéme krakovania vákuových zvyškov

Saved in:
Bibliographic Details
Main Author: Bielik, Andrej (Author)
Other Authors: Markoš, Jozef, 1957- (Thesis advisor)
Format: Manuscript Book
Language:Slovak
Published: 2015
Subjects:
Online Access:http://is.stuba.sk/zp/portal_zp.pl?podrobnosti=113015
Tags: Add Tag
No Tags, Be the first to tag this record!

MARC

LEADER 00000ntm a22000003a 4500
001 stuzp53066
003 SK-STU
005 20160719154352.8
007 ta
008 150427s2015----xo-----f-mn---000-0-slo-d
040 |a STU  |b slo 
041 0 |a slo 
100 1 |a Bielik, Andrej  |u 046230  |4 aut  |U FCHPT Ústav chemického a environmentálneho inžinierstva  |T FCHPT Oddelenie chemického a biochemického inžinierstva  |X 44032  |U C6230  |Y 119  |7 44032 
242 0 1 |a Evaluation of the Fluidized Bed Stability Depending on Physico-chemical Changes in the Reaction System of Vacuum Residue Cracking  |y eng 
245 1 0 |a Vyhodnotenie stability fluidného lôžka v závislosti na fyzikálnochemických zmenách v reakčnom systéme krakovania vákuových zvyškov 
260 |c 2015 
650 4 |a vákuové zvyšky  |2 slo 
650 4 |a reaktor s ebulovaným lôžkom  |2 slo 
650 4 |a hydrodynamika  |2 slo 
650 4 |a hydrokrakovanie  |2 slo 
650 4 |a hydrocracking  |2 eng 
650 4 |a vacuum residue  |2 eng 
650 4 |a ebullated bed reactor  |2 eng 
650 4 |a hydrodynamics  |2 eng 
700 1 |a Markoš, Jozef,  |d 1957-  |4 ths  |X 3883  |7 A000003883 
856 4 |u http://is.stuba.sk/zp/portal_zp.pl?podrobnosti=113015 
SQL |a stuzp53066  |b DDP  |c SLO  |d Vyhodnotenie stability fluidného lôžka v závislosti na fyzikálnochemických zmenách v reakčnom systéme krakovania vákuových zvyškov  |e 44032  |f Bielik, Andrej  |g 046230  |h 3883  |i Markoš, Jozef  |j 20150609  |k 115  |l 04  |m http://is.stuba.sk/zp/portal_zp.pl?podrobnosti=113015  |n I-CHEI  |o 5.2.17. chemické inžinierstvo